000 002800000a22001330004500
003 MACL
040 _aMACL
090 _c8194
_d8193
100 _aKaushik, Dr. R P
245 _aOrganic Alchemy
260 _bDarshan Yoga Sansthan
_c1975
650 _aPhilisophy
942 _cBOOK
_k100
999 _c8144
_d8144